| 000 | 00381nam a2200145Ia 4500 | ||
|---|---|---|---|
| 008 | 240624s9999 xx 000 0 und d | ||
| 041 | _aeng | ||
| 082 | _a158.3 GIB | ||
| 100 | _aGIBSON | ||
| 245 | _aINTRODUCTION TO COUNSELING AND GUIDANCE | ||
| 250 | _a(7th ed.) | ||
| 260 |
_c2008 _aNew Delhi _bPrentice-Hall of India |
||
| 300 | _axviii, : 523 : p. : cm. ; 24 | ||
| 365 |
_cRS _b35 |
||
| 999 |
_c9615 _d9615 |
||